<?xml version="1.0" encoding="UTF-8"?>
<collection xmlns="http://www.loc.gov/MARC21/slim">
 <record>
  <leader>01324nam a22002775a 4500</leader>
  <controlfield tag="001">EEA.libagro006436</controlfield>
  <controlfield tag="005">20180622100405.0</controlfield>
  <controlfield tag="008">130809s1999####mx#a##########000#0#spa#d</controlfield>
  <datafield tag="020" ind1=" " ind2=" ">
   <subfield code="a">9701504208</subfield>
  </datafield>
  <datafield tag="082" ind1="0" ind2="4">
   <subfield code="a">631.587</subfield>
  </datafield>
  <datafield tag="100" ind1="1" ind2=" ">
   <subfield code="a">Gurovich R., Luis A.</subfield>
  </datafield>
  <datafield tag="245" ind1="1" ind2="0">
   <subfield code="a">Riego superficial tecnificado /</subfield>
   <subfield code="c">Luis A. Gurovich R.</subfield>
  </datafield>
  <datafield tag="250" ind1=" " ind2=" ">
   <subfield code="a">2a ed.</subfield>
  </datafield>
  <datafield tag="260" ind1=" " ind2=" ">
   <subfield code="a">México :</subfield>
   <subfield code="b">Alfaomega,</subfield>
   <subfield code="c">1999.</subfield>
  </datafield>
  <datafield tag="300" ind1=" " ind2=" ">
   <subfield code="a">610 p., [8] p. de lám. col. :</subfield>
   <subfield code="b">il. ;</subfield>
   <subfield code="c">25 cm. +</subfield>
   <subfield code="e">2 disk.</subfield>
  </datafield>
  <datafield tag="500" ind1=" " ind2=" ">
   <subfield code="a">Los diskettes llevan como título: &quot;SRSP : Sistema Riego Superficial Programado&quot; y &quot;SFP : Sistema Fertirrigación Programada&quot;.</subfield>
  </datafield>
  <datafield tag="859" ind1=" " ind2=" ">
   <subfield code="a">AR-BbBCA</subfield>
   <subfield code="b">BIB. AGRONOMIA</subfield>
   <subfield code="h">631.587</subfield>
   <subfield code="i">G981a2</subfield>
   <subfield code="p">1999/3802</subfield>
  </datafield>
  <datafield tag="859" ind1=" " ind2=" ">
   <subfield code="a">AR-BbBCA</subfield>
   <subfield code="b">BIB. AGRONOMIA</subfield>
   <subfield code="h">631.587</subfield>
   <subfield code="i">G981a2</subfield>
   <subfield code="p">1999/3803</subfield>
   <subfield code="t">Ej.2</subfield>
  </datafield>
  <datafield tag="859" ind1=" " ind2=" ">
   <subfield code="a">AR-BbBCA</subfield>
   <subfield code="b">BIB. AGRONOMIA</subfield>
   <subfield code="h">631.587</subfield>
   <subfield code="i">G981a2</subfield>
   <subfield code="p">1999/3804</subfield>
   <subfield code="t">Ej.3</subfield>
  </datafield>
  <datafield tag="859" ind1=" " ind2=" ">
   <subfield code="a">AR-BbBCA</subfield>
   <subfield code="b">BIB. AGRONOMIA</subfield>
   <subfield code="h">631.587</subfield>
   <subfield code="i">G981a2</subfield>
   <subfield code="p">1999/3805</subfield>
   <subfield code="t">Ej.4</subfield>
  </datafield>
  <datafield tag="859" ind1=" " ind2=" ">
   <subfield code="a">AR-BbBCA</subfield>
   <subfield code="b">BIB. AGRONOMIA</subfield>
   <subfield code="h">631.587</subfield>
   <subfield code="i">G981a2</subfield>
   <subfield code="p">1999/3806</subfield>
   <subfield code="t">Ej.5</subfield>
  </datafield>
  <datafield tag="859" ind1=" " ind2=" ">
   <subfield code="a">AR-BbBCA</subfield>
   <subfield code="b">BIB. AGRONOMIA</subfield>
   <subfield code="h">631.587</subfield>
   <subfield code="i">G981a2</subfield>
   <subfield code="p">1999/3807</subfield>
   <subfield code="t">Ej.6</subfield>
  </datafield>
  <datafield tag="859" ind1=" " ind2=" ">
   <subfield code="a">AR-BbBCA</subfield>
   <subfield code="b">BIB. AGRONOMIA</subfield>
   <subfield code="h">631.587</subfield>
   <subfield code="i">G981a2</subfield>
   <subfield code="p">1999/3808</subfield>
   <subfield code="t">Ej.7</subfield>
  </datafield>
  <datafield tag="859" ind1=" " ind2=" ">
   <subfield code="a">AR-BbBCA</subfield>
   <subfield code="b">BIB. AGRONOMIA</subfield>
   <subfield code="h">631.587</subfield>
   <subfield code="i">G981a2</subfield>
   <subfield code="p">1999/3809</subfield>
   <subfield code="t">Ej.8</subfield>
  </datafield>
  <datafield tag="859" ind1=" " ind2=" ">
   <subfield code="a">AR-BbBCA</subfield>
   <subfield code="b">BIB. AGRONOMIA</subfield>
   <subfield code="h">631.587</subfield>
   <subfield code="i">G981a2</subfield>
   <subfield code="p">1999/3810</subfield>
   <subfield code="t">Ej.9</subfield>
  </datafield>
  <datafield tag="859" ind1=" " ind2=" ">
   <subfield code="a">AR-BbBCA</subfield>
   <subfield code="b">BIB. AGRONOMIA</subfield>
   <subfield code="h">631.587</subfield>
   <subfield code="i">G981a2</subfield>
   <subfield code="p">1999/3811</subfield>
   <subfield code="t">Ej.10</subfield>
  </datafield>
 </record>
</collection>
